Normal view
MARC view
Entry Personal Name
001 - CONTROL NUMBER
- control field: 64676
003 - CONTROL NUMBER IDENTIFIER
- control field: OSt
005 - DATE AND TIME OF LATEST TRANSACTION
- control field: 20160719121836.0
008 - FIXED-LENGTH DATA ELEMENTS
- fixed length control field: 160719|| aca||aabn | a|a d
040 ## - CATALOGING SOURCE
- Original cataloging agency: OSt
- Transcribing agency: OSt
100 ## - HEADING--PERSONAL NAME
- Personal name: बेणचेकर, गीता मा
670 ## - SOURCE DATA FOUND
- Source citation: Work cat.: (OSt): बेणचेकर, गीता मा , यादवेन्द्र शर्मा चन्द्र , 2012









